| 000 | 00550nam a22001937a 4500 | ||
|---|---|---|---|
| 005 | 20250307083943.0 | ||
| 008 | 231010b ||||| |||| 00| 0 eng d | ||
| 020 | _a9789391060534 | ||
| 040 |
_aIN-DiNC _cIN-DiNC |
||
| 041 | _dasm | ||
| 082 |
_a410.03 _bKON |
||
| 100 |
_aKonwar, Arpana _eauthor |
||
| 245 |
_aBhashabigyan aru dhwanibigyanar paribhashakosh/ _cby Arpana Konwar |
||
| 250 | _a1st ed. | ||
| 260 |
_aDibrugarh: _bBanalata, _c2021. |
||
| 300 | _a607p. | ||
| 650 | _aDictionary of linguistic and phonetic terminology | ||
| 942 |
_2ddc _cBK |
||
| 999 |
_c11696 _d11696 |
||